01099nab a2200325 uc450000100070000000500170000700800410002403500110006503500210007604000130009704100080011010000420011824501320016065000250029265000100031765000150032765000180034265000290036065000140038965000270040365000210043065000270045165000280047865000420050665000280054865000240057665000120060070000430061277301180065571698920241024090705.0020204e20011001 spa  a716989 a(OCoLC)819930926 ccomduadb aspa10aBalderrama T., Jose Antonio4auteaut10aDiversidad y endemismo de aves en dos fragmentos de bosque polylepis besseri en el Parque Nacional Tunari (Cochabamba, Bolivia) 7aBiodiversidad2embne aFauna 7aAves2lemb 7aBosques2lemb aFragmentacion de bosques aPolylepis aOrganismos indígenos aPoblacion animal aHábitat (Ecología) aPerturbacion (Biologia) 7aConservación de la naturaleza2lemb 7aEcología animal2lemb 7aOrnitología2lemb aBolivia10aRamirez P., Maria del Carmen4auteaut0 tRevista Boliviana de Ecología y Conservación Ambiental (Bolivia)gNo. 09, Oct. 2001, p. 45-60w6124900183745